Zákon o európskom zoskupení územnej spolupráce s komentárom
Zákon č. 90/2008 Z.z. o európskom zoskupení územnej spolupráce a o doplnení zákona č. 540/2001 Z.z. o štátnej štatistike v znení neskorších predpisov.
Enregistré dans:
| Auteur principal: | |
|---|---|
| Format: | Chapitre de livre |
| Langue: | slovaque |
| Sujets: | |
| Tags: |
Pas de tags, Soyez le premier à ajouter un tag!
|
MARC
| LEADER | 00000naa$a2200000$$$4500 | ||
|---|---|---|---|
| 001 | 0092970 | ||
| 005 | 20231120083124.7 | ||
| 041 | 0 | |a slo | |
| 044 | |a SK | ||
| 245 | 1 | 0 | |a Zákon o európskom zoskupení územnej spolupráce s komentárom |c Soňa Kubincová |
| 520 | |a Zákon č. 90/2008 Z.z. o európskom zoskupení územnej spolupráce a o doplnení zákona č. 540/2001 Z.z. o štátnej štatistike v znení neskorších predpisov. | ||
| 610 | 2 | 0 | |a spolupráca cezhraničná |
| 610 | 2 | 0 | |a spolupráca medzinárodná |
| 610 | 2 | 0 | |a Európske spoločenstvá |
| 610 | 2 | 0 | |a rozvoj regionálny |
| 610 | 2 | 0 | |a zákony |
| 610 | 2 | 0 | |a komentáre |
| 610 | 2 | 0 | |a 2008 |
| 100 | 1 | |a Kubincová, Soňa | |